Science Quiz

Random Science or Clickable Quiz

LASxM - Swine Respiratory Diseases Quiz Stats

 Plays Quiz not verified by Sporcle

Score 0/6 Timer 10:00
0 Plays Today
% Correct
Atrophic rhinitis (Pasteurella multocida)
100%
Porcine Respiratory and Reproductive Syndrome Virus (PRRSV)
91.3%
Enzootic pneumonia (Mycoplasma hyopneumonia)
91.3%
Actinobacillus pleuropneumoniae (APP)
91.3%
Ascaris suum (pig roundworm)
91.3%
Swine Influenza virus (SIV)
87%

You're not logged in!

Compare scores with friends on all Sporcle quizzes.
OR
Log In

Sporcle TV

Today on Sporcle TV


Watch our educational content, quiz creation guides, and fun videos on Sporcle TV.

Show Comments

Extras

Top Quizzes Today


Score Distribution

Your Account Isn't Verified!

In order to create a playlist on Sporcle, you need to verify the email address you used during registration. Go to your Sporcle Settings to finish the process.

Report this User

Report this user for behavior that violates our Community Guidelines.

Details: